Music Quiz

Random Music or Minefield Quiz

That's No Harry Potter Chapter. That's a Band! Quiz Stats

 Plays Quiz Updated Jan 7, 2018

Score 0/7 Timer 02:00
13 Plays Today
% Correct
???
81%
???
79.8%
???
76.6%
???
74.2%
???
68.6%
???
63%
???
53.5%

You're not logged in!

Compare scores with friends on all Sporcle quizzes.
OR
Log In

You Might Also Like...

Show Comments

Extras

Top Quizzes Today


Score Distribution

Your Account Isn't Verified!

In order to create a playlist on Sporcle, you need to verify the email address you used during registration. Go to your Sporcle Settings to finish the process.

Report this User

Report this user for behavior that violates our Community Guidelines.

Details: